[Event "Biel MTO op"]
[Site "Biel"]
[Date "1999.07.22"]
[Round "3"]
[White "Gurieli, Nino"]
[Black "Tseitlin, Mark D"]
[Result "0-1"]
[WhiteElo "2351"]
[BlackElo "2496"]
[PlyCount "110"]
[EventDate "1999.07.??"]
[EventType "swiss"]
[EventRounds "11"]
[EventCountry "SUI"]
[SourceTitle "EXT 2000"]
[Source "ChessBase"]
[SourceDate "1999.11.16"]
[SourceVersion "1"]
[SourceVersionDate "1999.11.16"]
[SourceQuality "1"]

1. d4 Nf6 2. Nf3 g6 3. g3 Bg7 4. Bg2 O-O 5. O-O d6 6. c4 Nc6 7. Nc3 a6 8. d5
Na5 9. Qd3 c5 10. Nd2 b5 11. Rb1 Nxc4 12. Nxc4 bxc4 13. Qxc4 Rb8 14. a3 a5 15.
Qh4 Ng4 16. h3 Bxc3 17. hxg4 Bg7 18. Bf3 e5 19. Qxd8 Rxd8 20. e4 Ba6 21. Re1
Bd3 22. Ra1 Rd7 23. g5 Bf8 24. Bd1 Be7 25. Ba4 Rdb7 26. Bc6 Ra7 27. a4 Rb4 28.
f3 Bd8 29. Ra3 c4 30. Be3 Re7 31. Ra2 Rb3 32. Kf2 f5 33. gxf6 Rf7 34. Rc1 Rxf6
35. Bg5 Rxf3+ 36. Kxf3 Bxg5 37. Rc3 Rb4 38. Bb5 Bd2 39. Rxd3 cxd3 40. Bxd3 Bc1
41. b3 Rxb3 42. Ke2 Ba3 43. Ra1 Rb2+ 44. Kf3 Bc5 45. Rb1 Ra2 46. Bb5 h5 47. g4
Ra3+ 48. Kg2 hxg4 49. Rb2 Kg7 50. Rc2 Kf6 51. Be8 Kg5 52. Kf1 Kf4 53. Bxg6 Ra1+
54. Ke2 g3 55. Kd3 Rxa4 0-1

[Event "Biel MTO op"]
[Site "Biel"]
[Date "1999.07.25"]
[Round "6"]
[White "Tseitlin, Mark D"]
[Black "Jurek, Josef"]
[Result "1-0"]
[WhiteElo "2496"]
[BlackElo "2336"]
[PlyCount "65"]
[EventDate "1999.07.??"]
[EventType "swiss"]
[EventRounds "11"]
[EventCountry "SUI"]
[SourceTitle "EXT 2000"]
[Source "ChessBase"]
[SourceDate "1999.11.16"]
[SourceVersion "1"]
[SourceVersionDate "1999.11.16"]
[SourceQuality "1"]

1. e4 e6 2. d4 d5 3. Nd2 Nf6 4. e5 Nfd7 5. Bd3 c5 6. c3 Nc6 7. Ngf3 g6 8. h4 h6
9. O-O Qb6 10. dxc5 Nxc5 11. Nb3 Nxd3 12. Qxd3 Bg7 13. Re1 Bd7 14. Be3 Qc7 15.
Bc5 O-O-O 16. Qe3 b6 17. Bd6 Qb7 18. a4 Bf8 19. Bxf8 Rdxf8 20. a5 f5 21. axb6
axb6 22. Nbd4 Nxd4 23. Nxd4 Kc7 24. c4 Ra8 25. Rac1 dxc4 26. Rxc4+ Kb8 27. Rec1
Ra6 28. Qg3 Qd5 29. Qxg6 b5 30. Rb4 Qxe5 31. Nf3 Qd5 32. Rd4 Qb7 33. Qg3+ 1-0

[Event "Cappelle op 16th"]
[Site "Cappelle la Grande"]
[Date "2000.02.25"]
[Round "8"]
[White "Tseitlin, Mark D"]
[Black "L'Ami, Erwin"]
[Result "1-0"]
[WhiteElo "2460"]
[BlackElo "2301"]
[PlyCount "43"]
[EventDate "2000.02.19"]
[EventType "swiss"]
[EventRounds "9"]
[EventCountry "FRA"]
[SourceTitle "CBM 074 Extra"]
[Source "ChessBase"]
[SourceDate "2000.03.10"]
[SourceVersion "2"]
[SourceVersionDate "2000.03.10"]
[SourceQuality "1"]

1. e4 c5 2. Nf3 d6 3. Nc3 Nf6 4. d4 cxd4 5. Nxd4 e6 6. g4 Nc6 7. g5 Nd7 8. Be3
Be7 9. h4 O-O 10. Qd2 Nde5 11. Be2 a6 12. f4 Nxd4 13. Qxd4 Nc6 14. Qd2 b5 15.
O-O-O Qc7 16. Kb1 Bb7 17. Bd3 Na5 18. Qe2 Bc6 19. Qh5 Qb7 20. Bd4 b4 21. Nd5
Rfe8 22. Nf6+ 1-0

[Event "Biel MTO op"]
[Site "Biel"]
[Date "2000.08.01"]
[Round "8"]
[White "Tseitlin, Mark D"]
[Black "Jaracz, Barbara"]
[Result "1-0"]
[WhiteElo "2445"]
[BlackElo "2318"]
[PlyCount "103"]
[EventDate "2000.07.24"]
[EventType "swiss"]
[EventRounds "11"]
[EventCountry "SUI"]
[SourceTitle "CBM 077 Extra"]
[Source "ChessBase"]
[SourceDate "2000.09.14"]
[SourceVersion "1"]
[SourceVersionDate "2000.09.14"]
[SourceQuality "1"]

1. Nf3 c5 2. e4 d6 3. d4 cxd4 4. Nxd4 Nf6 5. Nc3 a6 6. Bg5 e6 7. Qe2 Be7 8. h4
Qc7 9. g4 b5 10. Bg2 Bb7 11. O-O-O b4 12. Nd5 exd5 13. exd5 Nbd7 14. Nf5 Ne5
15. f4 Nexg4 16. Rhe1 Kf8 17. Bf3 h6 18. Nxe7 Re8 19. Bxg4 hxg5 20. hxg5 Rxe7
21. Qxe7+ Qxe7 22. Rxe7 Kxe7 23. Re1+ Kf8 24. gxf6 gxf6 25. Re4 a5 26. Rd4 Rh2
27. b3 Ke7 28. Kb2 Kd8 29. Bf5 Kc7 30. a3 Rh5 31. Be4 Rh4 32. axb4 axb4 33.
Rc4+ Kd8 34. Rxb4 Rxf4 35. Rxb7 Rxe4 36. Rxf7 Rf4 37. c4 Ke8 38. Rh7 f5 39. Ka3
Rf1 40. Kb4 f4 41. Kb5 f3 42. Kc6 Rb1 43. Rh2 Ke7 44. c5 dxc5 45. d6+ Ke6 46.
Rh6+ Ke5 47. d7 Rd1 48. Rh8 f2 49. Re8+ Kf5 50. d8=Q f1=Q 51. Rf8+ Kg6 52. Qe8+
1-0

[Event "Biel MTO op"]
[Site "Biel"]
[Date "2000.08.04"]
[Round "11"]
[White "Vovsha, Eli"]
[Black "Tseitlin, Mark D"]
[Result "0-1"]
[WhiteElo "2353"]
[BlackElo "2445"]
[PlyCount "80"]
[EventDate "2000.07.24"]
[EventType "swiss"]
[EventRounds "11"]
[EventCountry "SUI"]
[SourceTitle "CBM 077 Extra"]
[Source "ChessBase"]
[SourceDate "2000.09.14"]
[SourceVersion "1"]
[SourceVersionDate "2000.09.14"]
[SourceQuality "1"]

1. c4 e5 2. Nc3 Nf6 3. Nf3 Nc6 4. g3 Nd4 5. Bg2 Nxf3+ 6. Bxf3 Bc5 7. O-O O-O 8.
d3 h6 9. Rb1 a5 10. a3 Re8 11. b4 Bf8 12. Qb3 d6 13. Bg2 g6 14. Bd2 Bg7 15. Qc2
axb4 16. axb4 c6 17. Ra1 Be6 18. b5 Qd7 19. Na4 Qc7 20. bxc6 bxc6 21. Ra2 Nd7
22. Rfa1 Reb8 23. Be3 e4 24. d4 f5 25. Nb2 Rxa2 26. Rxa2 Qb7 27. Bf4 Qb4 28.
Bd2 Qb3 29. Qxb3 Rxb3 30. e3 c5 31. d5 Bxd5 32. cxd5 Rxb2 33. Ra8+ Kf7 34. Ba5
Ne5 35. Ra7+ Kg8 36. Bf1 Ra2 37. Bb6 Rxa7 38. Bxa7 c4 39. Be2 c3 40. Bd1 Nd3
0-1

[Event "Dov Porath Memorial"]
[Site "Givataim"]
[Date "2000.09.??"]
[Round "4"]
[White "Tseitlin, Mark D"]
[Black "Postny, Evgeny"]
[Result "1-0"]
[WhiteElo "2445"]
[BlackElo "2434"]
[PlyCount "113"]
[EventDate "2000.09.??"]
[EventType "swiss"]
[EventRounds "7"]
[EventCountry "ISR"]
[SourceTitle "EXT 2006"]
[Source "ChessBase"]
[SourceDate "2005.11.24"]
[SourceVersion "1"]
[SourceVersionDate "2005.11.24"]
[SourceQuality "1"]

1. e4 e5 2. Nf3 Nc6 3. Bb5 Nf6 4. O-O Nxe4 5. d4 Nd6 6. Bxc6 dxc6 7. dxe5 Nf5
8. Qxd8+ Kxd8 9. Nc3 Ke8 10. h3 Ne7 11. b3 Ng6 12. Bb2 a5 13. a4 h6 14. Rad1
Bb4 15. Ne2 Bc5 16. Ned4 Nf4 17. Rfe1 Ne6 18. Nf5 Rg8 19. Ng3 Bd7 20. Nh5 Rd8
21. Nd2 Bb4 22. Rf1 Bc8 23. Ne4 Rxd1 24. Rxd1 Be7 25. f4 Nc5 26. Nxc5 Bxc5+ 27.
Kh2 Bf5 28. g4 Bc8 29. f5 Be7 30. e6 Bd6+ 31. Kg2 fxe6 32. Nxg7+ Rxg7 33. Bxg7
exf5 34. Kf3 Be6 35. Bxh6 Bd5+ 36. Ke3 Bg2 37. Bf4 Bxh3 38. g5 Bc5+ 39. Kd2 Bg2
40. Re1+ Be4 41. Re2 Kf7 42. Bxc7 Kg6 43. Bf4 Be7 44. Re3 Bf8 45. Rh3 Bg7 46.
Rh2 b5 47. c3 Bd5 48. Kc2 Be4+ 49. Kb2 b4 50. Rh6+ Bxh6 51. gxh6 bxc3+ 52. Kxc3
Bd5 53. b4 axb4+ 54. Kxb4 Bg8 55. a5 Kh5 56. a6 Kg4 57. a7 1-0

[Event "Dov Porath Memorial"]
[Site "Givataim"]
[Date "2000.09.??"]
[Round "6"]
[White "Tseitlin, Mark D"]
[Black "Kantsler, Boris"]
[Result "1-0"]
[WhiteElo "2445"]
[BlackElo "2524"]
[PlyCount "71"]
[EventDate "2000.09.??"]
[EventType "swiss"]
[EventRounds "7"]
[EventCountry "ISR"]
[SourceTitle "EXT 2006"]
[Source "ChessBase"]
[SourceDate "2005.11.24"]
[SourceVersion "1"]
[SourceVersionDate "2005.11.24"]
[SourceQuality "1"]

1. e4 g6 2. d4 Bg7 3. Nc3 d6 4. Be3 a6 5. Qd2 b5 6. Bd3 Nd7 7. a4 b4 8. Nce2 a5
9. Nf3 Bb7 10. Ng3 e6 11. O-O Ngf6 12. Bh6 O-O 13. Bxg7 Kxg7 14. c3 bxc3 15.
bxc3 e5 16. Rfe1 Bc6 17. Qg5 Ng8 18. Qe3 Qe7 19. Reb1 Nb6 20. Bb5 Bxb5 21. Rxb5
exd4 22. cxd4 Nf6 23. Qg5 Kh8 24. h4 Ng8 25. Qd2 Ra7 26. h5 Qf6 27. e5 dxe5 28.
dxe5 Qg7 29. Re1 Qh6 30. Ng5 Nxa4 31. e6 f6 32. Nf7+ Rxf7 33. exf7 Qxd2 34. Rb8
Qxe1+ 35. Kh2 Kg7 36. f8=Q+ 1-0

[Event "Chigorin Memorial 08th"]
[Site "St Petersburg"]
[Date "2000.11.02"]
[Round "3"]
[White "Tseitlin, Mark D"]
[Black "Ignatiev, Alexander"]
[Result "1-0"]
[WhiteElo "2445"]
[BlackElo "2302"]
[PlyCount "48"]
[EventDate "2000.10.31"]
[EventType "swiss"]
[EventRounds "9"]
[EventCountry "RUS"]
[SourceTitle "EXT 2001"]
[Source "ChessBase"]
[SourceDate "2000.11.22"]
[SourceVersion "1"]
[SourceVersionDate "2000.11.22"]
[SourceQuality "1"]

1. e4 d6 2. d4 Nf6 3. Nc3 g6 4. Bg5 Bg7 5. Qd2 c6 6. Bh6 O-O 7. Bxg7 Kxg7 8.
O-O-O b5 9. e5 Ng8 10. h4 dxe5 11. Qe3 exd4 12. Rxd4 Nd7 13. h5 Qb6 14. hxg6
fxg6 15. Nf3 Ndf6 16. Ne5 Bb7 17. Bd3 Rad8 18. Ne2 Rd5 19. Nf4 Bc8 20. Nxd5
Nxd5 21. Qg5 Rf6 22. Rxh7+ Kf8 23. Rh8 Be6 24. Bxg6 Rxg6 1-0

[Event "Chigorin Memorial 08th"]
[Site "St Petersburg"]
[Date "2000.11.04"]
[Round "4"]
[White "Pavlov, Aleksandr"]
[Black "Tseitlin, Mark D"]
[Result "0-1"]
[WhiteElo "2307"]
[BlackElo "2445"]
[PlyCount "118"]
[EventDate "2000.10.31"]
[EventType "swiss"]
[EventRounds "9"]
[EventCountry "RUS"]
[SourceTitle "EXT 2001"]
[Source "ChessBase"]
[SourceDate "2000.11.22"]
[SourceVersion "1"]
[SourceVersionDate "2000.11.22"]
[SourceQuality "1"]

1. d4 Nf6 2. c4 g6 3. Nc3 d5 4. Bf4 Bg7 5. e3 O-O 6. Rc1 c5 7. dxc5 Be6 8. Nf3
Nc6 9. Ng5 Bg4 10. f3 e5 11. Bg3 d4 12. fxg4 dxc3 13. Qxd8 Raxd8 14. Rxc3 h6
15. Nf3 Ne4 16. Rb3 Nxc5 17. Rb5 b6 18. Be2 e4 19. Nd2 Rfe8 20. Nb1 Ne5 21. O-O
Re6 22. Bxe5 Bxe5 23. b4 a6 24. bxc5 axb5 25. cxb5 bxc5 26. Bc4 Re7 27. a4 Ra8
28. Bb3 c4 29. Bc2 Rd7 30. Rc1 Bb2 31. Rf1 Kg7 32. Rf4 Re7 33. b6 Rb8 34. a5
Re5 35. Nd2 Rxa5 36. Nxc4 Ra2 37. Bb3 Ra1+ 38. Kf2 Rc1 39. Rxe4 Bf6 40. Ba4 Rc3
41. Kf3 Bd8 42. Bc6 Bxb6 43. Bd5 Bc5 44. h4 Rd8 45. Bb7 Rc2 46. Ba6 Rd1 47. Re5
Bb4 48. h5 Rf1+ 49. Ke4 Rxg2 50. Bc8 Rc1 51. Kd5 Rd1+ 52. Kc6 Rc2 53. Re4 Rd8
54. Bd7 Rc1 55. hxg6 fxg6 56. Be6 Kf6 57. Bd5 Rd6+ 58. Kb5 Rxd5+ 59. Kxb4 Rd8
0-1

[Event "Chigorin Memorial 08th"]
[Site "St Petersburg"]
[Date "2000.11.06"]
[Round "6"]
[White "Dvoirys, Semen I"]
[Black "Tseitlin, Mark D"]
[Result "0-1"]
[WhiteElo "2562"]
[BlackElo "2445"]
[PlyCount "76"]
[EventDate "2000.10.31"]
[EventType "swiss"]
[EventRounds "9"]
[EventCountry "RUS"]
[SourceTitle "EXT 2001"]
[Source "ChessBase"]
[SourceDate "2000.11.22"]
[SourceVersion "1"]
[SourceVersionDate "2000.11.22"]
[SourceQuality "1"]

1. e4 g6 2. d4 Bg7 3. c3 d6 4. Bg5 Nf6 5. Nd2 O-O 6. Ngf3 c5 7. d5 h6 8. Bh4 e6
9. dxe6 Bxe6 10. Be2 Nc6 11. O-O Re8 12. Re1 a6 13. a4 Rb8 14. Bf1 b5 15. axb5
axb5 16. h3 Qb6 17. Bg3 Rbd8 18. Ra3 d5 19. exd5 Bxd5 20. Bf4 Be6 21. Qa1 Qb7
22. Nb3 Nd7 23. Be3 b4 24. Na5 Nxa5 25. Rxa5 Ra8 26. cxb4 cxb4 27. Bd4 Rxa5 28.
Qxa5 Ra8 29. Qb5 Qxb5 30. Bxb5 Nf6 31. Ne5 Ra5 32. Bf1 Nd5 33. Nc6 Ra8 34. Bc4
Bf8 35. Be5 Rc8 36. Bb5 Nb6 37. Bf6 Bc4 38. Bxc4 Rxc6 0-1

[Event "ISR-ch"]
[Site "Ramat Aviv/Modiin"]
[Date "2000.12.20"]
[Round "4"]
[White "Tseitlin, Mark D"]
[Black "Kaspi, Alexander"]
[Result "1-0"]
[WhiteElo "2445"]
[BlackElo "2488"]
[Annotator "Hecht,H"]
[PlyCount "129"]
[EventDate "2000.12.17"]
[EventType "tourn"]
[EventRounds "11"]
[EventCountry "ISR"]
[EventCategory "11"]
[SourceTitle "CBM 081"]
[Source "ChessBase"]
[SourceDate "2001.03.20"]
[SourceVersion "1"]
[SourceVersionDate "2001.03.20"]
[SourceQuality "1"]

1. e4 c5 2. Nf3 d6 3. d4 cxd4 4. Nxd4 Nf6 5. Nc3 a6 6. Be3 e5 7. Nb3 Be6 8. Qd2
Nbd7 9. f3 Be7 10. g4 O-O 11. O-O-O Qc7 12. g5 Nh5 13. Kb1 Rfc8 14. Nd5 Bxd5
15. exd5 a5 16. a3 a4 17. Nc1 Nb6 18. Rg1 g6 19. Rg4 Nf4 20. Bxf4 exf4 21. Na2
Bf8 22. Rxf4 Bg7 23. Re4 Re8 24. Rde1 Rxe4 25. Rxe4 Qc5 26. Nb4 Nd7 27. f4 Qg1
28. Re1 Qb6 29. h4 Qd4 30. Qxd4 Bxd4 31. Bb5 Nc5 32. Re2 Rc8 33. c3 Bg7 34. Nd3
Nxd3 35. Bxd3 Rc5 36. Re8+ Bf8 37. c4 Rc7 38. Ra8 Re7 39. Kc2 Kg7 40. Kd2 Rc7
41. Rxa4 h6 42. Ra7 Be7 43. a4 f6 44. a5 Bd8 45. c5 hxg5 46. cxd6 Rf7 47. f5
gxf5 48. Bxf5 gxh4 49. b4 h3 50. Bxh3 f5 51. b5 Kf6 52. a6 Bb6 53. Rxb7 Rxb7
54. axb7 Ba7 {[#] Kurioses Doppelbauerngespann. Achtung Pattfalle} 55. Bxf5 Bb8
56. d7 Ke7 57. Kd3 Kd8 58. Kc4 Kc7 59. b6+ (59. d6+ $2 Kd8 60. b6 Bxd6 61.
b8=Q+ (61. Kd5 Bb8 62. Ke6 Bg3 63. b8=Q+ Bxb8 64. Kd5 Bg3 65. Kc6 Bf4 66. Kb7
Be3 67. Ka6 Bf4 68. Ka7 Be3 $11) 61... Bxb8 62. Kb5 Bf4 63. Ka6 Bg3 64. b7 (64.
Ka7 Bf2 65. Kb7 Be3 66. Ka6 Bf4 $1 $11) 64... Bb8 65. Kb6 Ke7 $11) 59... Kd8
60. Kb5 Ke7 61. Ka6 Kd8 62. d6 Ba7 (62... Bxd6 63. Ka7 $18) 63. b8=Q+ Bxb8 64.
Kb7 Bxd6 65. Ka8 $1 (65. Ka7 $2 Bc5 $1 66. Ka6 Bd6 $1 67. Kb7 Bc5 68. Kc6 Bf2
$11) 1-0

[Event "Ubeda op 6th"]
[Site "Ubeda"]
[Date "2001.01.29"]
[Round "9.17"]
[White "Janev, Evgeni"]
[Black "Tseitlin, Mark D"]
[Result "0-1"]
[WhiteElo "2445"]
[BlackElo "2494"]
[PlyCount "86"]
[EventDate "2001.01.21"]
[EventType "swiss"]
[EventRounds "10"]
[EventCountry "ESP"]
[SourceTitle "CBM 080 Extra"]
[Source "ChessBase"]
[SourceDate "2001.03.08"]
[SourceVersion "1"]
[SourceVersionDate "2001.03.08"]
[SourceQuality "1"]

1. e4 c5 2. Nf3 d6 3. d4 cxd4 4. Nxd4 Nf6 5. Nc3 Nc6 6. g3 Bg4 7. f3 Bd7 8. Nb3
g6 9. Be3 Bg7 10. Qd2 Ne5 11. Be2 O-O 12. f4 Neg4 13. Bg1 b5 14. O-O-O b4 15.
Nd5 Nxe4 16. Qxb4 Ngf2 17. Bf3 Nxd1 18. Qxe4 e6 19. Kxd1 exd5 20. Qxd5 Rc8 21.
c3 Bc6 22. Qd3 Bxf3+ 23. Qxf3 Qd7 24. Kc1 a5 25. Bd4 a4 26. Bxg7 Kxg7 27. Nd4
a3 28. b3 Rfe8 29. h4 d5 30. h5 Re4 31. Kd2 Qc7 32. Qd3 Rce8 33. hxg6 hxg6 34.
Qa6 Qd7 35. Rh2 Qg4 36. Qd3 Rxf4 37. Ne2 Rfe4 38. Rf2 Qg5+ 39. Kc2 Qe5 40. Nf4
d4 41. c4 Re3 42. Qf1 Rc3+ 43. Kd1 Qf5 0-1

[Event "ISR-ch op"]
[Site "Tel Aviv"]
[Date "2001.04.11"]
[Round "3"]
[White "Tseitlin, Mark D"]
[Black "Ribshtein, Nati"]
[Result "1-0"]
[WhiteElo "2492"]
[BlackElo "2329"]
[PlyCount "83"]
[EventDate "2001.04.09"]
[EventType "swiss"]
[EventRounds "9"]
[EventCountry "ISR"]
[SourceTitle "EXT 2008"]
[Source "ChessBase"]
[SourceDate "2007.11.25"]
[SourceVersion "1"]
[SourceVersionDate "2007.11.25"]
[SourceQuality "1"]

1. e4 g6 2. d4 d6 3. Nc3 Bg7 4. Nf3 Nf6 5. Be3 O-O 6. Qd2 Bg4 7. Ng5 Nc6 8. h3
Bc8 9. Nf3 e5 10. d5 Ne7 11. O-O-O Bd7 12. g4 Qb8 13. Nh4 b5 14. f3 Rd8 15. Bh6
b4 16. Ne2 c6 17. Bxg7 Kxg7 18. Ng3 cxd5 19. g5 Ne8 20. exd5 Rc8 21. Ne4 b3 22.
axb3 Qxb3 23. Kb1 Qb6 24. c4 Rab8 25. Qc3 Bf5 26. Rh2 a5 27. Nxf5+ Nxf5 28.
Rhd2 Nd4 29. f4 a4 30. fxe5 dxe5 31. c5 Qa7 32. Rxd4 exd4 33. Qxd4+ Kg8 34. d6
Ng7 35. d7 Rd8 36. Nf6+ Kh8 37. Re1 Qa5 38. Re2 Rf8 39. Ne8 f6 40. Nxg7 Kxg7
41. gxf6+ Kg8 42. f7+ 1-0

[Event "Biel MTO op"]
[Site "Biel"]
[Date "2001.07.24"]
[Round "2"]
[White "Belotelov, Denis"]
[Black "Tseitlin, Mark D"]
[Result "0-1"]
[WhiteElo "2308"]
[BlackElo "2509"]
[PlyCount "80"]
[EventDate "2001.07.23"]
[EventType "swiss"]
[EventRounds "11"]
[EventCountry "SUI"]
[SourceTitle "CBM 083 Extra"]
[Source "ChessBase"]
[SourceDate "2001.09.11"]
[SourceVersion "1"]
[SourceVersionDate "2001.09.11"]
[SourceQuality "1"]

1. d4 g6 2. c4 Bg7 3. Nf3 c5 4. d5 b5 5. e4 bxc4 6. Bxc4 Ba6 7. Na3 Nf6 8. e5
Ng4 9. O-O O-O 10. h3 Nh6 11. d6 exd6 12. Bxa6 Nxa6 13. Qxd6 Qc8 14. Rd1 Rd8
15. Bg5 Nf5 16. Qd2 Re8 17. Nc4 h6 18. Bf4 Qc6 19. Rac1 Rad8 20. a3 Nc7 21. Na5
Qb6 22. g4 Nd4 23. Nxd4 cxd4 24. Nc4 Qb3 25. Bg3 Ne6 26. Qe2 Rc8 27. Nd6 Rxc1
28. Rxc1 Rb8 29. h4 d3 30. Qe3 Qxb2 31. Rd1 Qe2 32. Qxd3 Qxg4 33. Nc4 Nf4 34.
Ne3 Qxg3+ 35. fxg3 Nxd3 36. Rxd3 Bxe5 37. Nc4 d6 38. Kg2 Kf8 39. Nxd6 Rd8 40.
Nxf7 Rxd3 0-1

[Event "Biel MTO op"]
[Site "Biel"]
[Date "2001.07.26"]
[Round "4"]
[White "Ciric, Dragoljub M"]
[Black "Tseitlin, Mark D"]
[Result "0-1"]
[WhiteElo "2311"]
[BlackElo "2509"]
[PlyCount "86"]
[EventDate "2001.07.23"]
[EventType "swiss"]
[EventRounds "11"]
[EventCountry "SUI"]
[SourceTitle "CBM 083 Extra"]
[Source "ChessBase"]
[SourceDate "2001.09.11"]
[SourceVersion "1"]
[SourceVersionDate "2001.09.11"]
[SourceQuality "1"]

1. e4 g6 2. d4 Bg7 3. Nf3 d6 4. Be2 Nf6 5. Nc3 O-O 6. O-O a6 7. Re1 e6 8. a4
Nc6 9. Bf1 b6 10. g3 Bb7 11. Bg2 e5 12. dxe5 dxe5 13. Bg5 Qc8 14. Nd5 Nxd5 15.
exd5 Nb8 16. Nxe5 f6 17. Nc6 Bxc6 18. dxc6 fxg5 19. Qd5+ Kh8 20. Re7 Bf6 21.
Rf7 a5 22. Re1 Na6 23. Ree7 Rxf7 24. Rxf7 Bg7 25. Qd7 Qxd7 26. cxd7 Rd8 27. Re7
Bf6 28. Rf7 Bxb2 29. Re7 Bf6 30. Rf7 Bg7 31. Re7 Bf8 32. Re8 Rxd7 33. Rxf8+ Kg7
34. Rc8 Kf6 35. Bf1 Nc5 36. Bb5 Re7 37. Kg2 g4 38. f3 gxf3+ 39. Kxf3 Ke5 40.
Ke3 Kd5+ 41. Kd2 Ne4+ 42. Kd3 Nd6 43. Rd8 Kc5 0-1

[Event "ISR-chT"]
[Site "Israel"]
[Date "2002.03.15"]
[Round "7"]
[White "Timanin, Boris"]
[Black "Tseitlin, Mark D"]
[Result "0-1"]
[WhiteElo "2303"]
[BlackElo "2486"]
[PlyCount "40"]
[EventDate "2002.01.10"]
[EventType "team"]
[EventRounds "11"]
[EventCountry "ISR"]
[SourceTitle "EXT 2003"]
[Source "ChessBase"]
[SourceDate "2002.11.25"]
[SourceVersion "1"]
[SourceVersionDate "2002.11.25"]
[SourceQuality "1"]

1. c4 e5 2. Nc3 Nf6 3. Nf3 Nc6 4. g3 Bb4 5. Qc2 O-O 6. Nd5 Re8 7. Nxb4 Nxb4 8.
Qb3 e4 9. Qxb4 exf3 10. e3 b6 11. Qc3 c5 12. b3 d5 13. Bb2 d4 14. Qc2 Bb7 15.
Bd3 Ne4 16. h3 Qd6 17. Rh2 Nxg3 18. fxg3 Qxg3+ 19. Rf2 dxe3 20. dxe3 Qg1+ 0-1

[Event "Tel Aviv Before Thunder Storm"]
[Site "Tel Aviv"]
[Date "2002.10.22"]
[Round "3"]
[White "Kantarji, Pinchas"]
[Black "Tseitlin, Mark D"]
[Result "0-1"]
[WhiteElo "2304"]
[BlackElo "2472"]
[PlyCount "44"]
[EventDate "2002.10.20"]
[EventType "tourn"]
[EventRounds "11"]
[EventCountry "ISR"]
[EventCategory "2"]
[SourceTitle "EXT 2003"]
[Source "ChessBase"]
[SourceDate "2002.11.25"]
[SourceVersion "1"]
[SourceVersionDate "2002.11.25"]
[SourceQuality "1"]

1. d4 Nf6 2. c4 g6 3. f3 Bg7 4. e4 d6 5. Nc3 O-O 6. Be3 Nc6 7. Qd2 a6 8. Bd3 e5
9. d5 Nd4 10. Nce2 Nd7 11. h4 f5 12. Nxd4 exd4 13. Bh6 Bxh6 14. Qxh6 Ne5 15.
Qd2 c5 16. dxc6 bxc6 17. exf5 Qb6 18. O-O-O Rb8 19. b3 Qc5 20. Bb1 Nxc4 21.
Qxd4 Qa3+ 22. Kc2 Bxf5+ 0-1

[Event "Tel Aviv Before Thunder Storm"]
[Site "Tel Aviv"]
[Date "2002.10.26"]
[Round "7"]
[White "Tseitlin, Mark D"]
[Black "Drozdov, Alexandre"]
[Result "1-0"]
[WhiteElo "2472"]
[BlackElo "2314"]
[PlyCount "55"]
[EventDate "2002.10.20"]
[EventType "tourn"]
[EventRounds "11"]
[EventCountry "ISR"]
[EventCategory "2"]
[SourceTitle "EXT 2003"]
[Source "ChessBase"]
[SourceDate "2002.11.25"]
[SourceVersion "1"]
[SourceVersionDate "2002.11.25"]
[SourceQuality "1"]

1. e4 e6 2. d4 d5 3. Nd2 Nf6 4. e5 Nfd7 5. Bd3 c5 6. c3 Nc6 7. Ngf3 cxd4 8.
cxd4 f6 9. exf6 Nxf6 10. O-O Bd6 11. Re1 Qc7 12. Nf1 O-O 13. Bg5 Bd7 14. a3 e5
15. dxe5 Nxe5 16. Bxf6 Rxf6 17. Nxe5 Bxe5 18. Qh5 Re8 19. Bxh7+ Kf8 20. Bg6
Ree6 21. Qh8+ Ke7 22. Qxg7+ Kd8 23. Qg8+ Ke7 24. Qg7+ Kd8 25. Bf7 Be8 26. Rxe5
Qxe5 27. Bxe6 Qxb2 28. Ra2 1-0

[Event "ISR-ch"]
[Site "Tel Aviv"]
[Date "2002.12.02"]
[Round "8"]
[White "Tseitlin, Mark D"]
[Black "Kundin, Alexander"]
[Result "1-0"]
[WhiteElo "2472"]
[BlackElo "2429"]
[PlyCount "61"]
[EventDate "2002.11.24"]
[EventType "swiss"]
[EventRounds "9"]
[EventCountry "ISR"]
[SourceTitle "CBM 093"]
[Source "ChessBase"]
[SourceDate "2003.04.01"]
[SourceVersion "1"]
[SourceVersionDate "2003.04.01"]
[SourceQuality "1"]

1. e4 c5 2. Nf3 d6 3. d4 cxd4 4. Nxd4 Nf6 5. Nc3 a6 6. Bg5 e6 7. f4 Qb6 8. Nb3
Nbd7 9. Qf3 Be7 10. O-O-O Qc7 11. Qg3 b5 12. Bxf6 Nxf6 13. e5 dxe5 14. fxe5 Nd7
15. Bxb5 axb5 16. Nxb5 Qb6 17. Qxg7 Rf8 18. Nd6+ Bxd6 19. exd6 Rxa2 20. Rhe1
Nc5 21. Kb1 Qa7 22. Qc3 f6 23. Rd5 Nxb3 24. Qxc8+ Kf7 25. Qxe6+ Kg6 26. Qe4+ f5
27. Qe6+ Kg5 28. h4+ Kxh4 29. Qh6+ Kg4 30. Re4+ Kg3 31. Qh3+ 1-0

[Event "ISR-ch"]
[Site "Tel Aviv"]
[Date "2002.12.03"]
[Round "9"]
[White "Lerner, Konstantin Z"]
[Black "Tseitlin, Mark D"]
[Result "0-1"]
[WhiteElo "2504"]
[BlackElo "2472"]
[Annotator "Hecht,H"]
[PlyCount "108"]
[EventDate "2002.11.24"]
[EventType "swiss"]
[EventRounds "9"]
[EventCountry "ISR"]
[SourceTitle "CBM 093"]
[Source "ChessBase"]
[SourceDate "2003.04.01"]
[SourceVersion "1"]
[SourceVersionDate "2003.04.01"]
[SourceQuality "1"]

1. e4 c5 2. Nf3 Nc6 3. Bb5 g6 4. Bxc6 dxc6 5. d3 Bg7 6. Nc3 e5 7. Be3 Qe7 8.
Qd2 h6 9. h3 Nf6 10. a3 Nd7 11. O-O a5 12. Nh2 a4 13. f4 exf4 14. Bxf4 Ne5 15.
Nf3 Nxf3+ 16. Rxf3 g5 17. Be3 O-O 18. Raf1 b6 19. Ne2 Qe5 20. Ng3 Qxb2 21. Nh5
f6 22. Qf2 Be6 23. Nxf6+ Kh8 24. h4 g4 25. Rf4 Qxa3 26. Nh5 Rxf4 27. Bxf4 Bd4
28. Be3 Qc3 29. Kh1 Bg7 30. Nxg7 Qxg7 31. Qg3 a3 32. Bf4 Rf8 33. Rc1 Kh7 34.
Be5 Qf7 35. Ra1 a2 36. Kg1 c4 37. Qe3 cxd3 38. cxd3 c5 39. Bb2 Qf4 40. Qxf4
Rxf4 41. Rf1 Rxf1+ 42. Kxf1 {[#] Thema: Freibauern} g3 43. Ke2 Kg6 44. Kf3 Bb3
45. Kxg3 Bc2 46. Kf4 Bxd3 47. Ke5 (47. g4 b5 48. e5 Kf7 49. Ke3 c4 50. Kd4 b4
51. Ba1 Bf1 52. Ke3 c3 53. g5 h5 $22) 47... Kh5 48. g3 Kg4 49. Kd5 Kxg3 50. e5
Kxh4 51. Kc6 h5 52. Kxb6 Kg4 53. Kxc5 h4 54. Kd4 h3 0-1

[Event "Ramat Aviv 5th"]
[Site "Ramat Aviv"]
[Date "2002.12.30"]
[Round "6"]
[White "Tseitlin, Mark D"]
[Black "Rapoport, Igor"]
[Result "1-0"]
[WhiteElo "2472"]
[BlackElo "2301"]
[PlyCount "51"]
[EventDate "2002.12.24"]
[EventType "tourn"]
[EventRounds "11"]
[EventCountry "ISR"]
[EventCategory "2"]
[SourceTitle "EXT 2004"]
[Source "ChessBase"]
[SourceDate "2003.11.25"]
[SourceVersion "1"]
[SourceVersionDate "2003.11.25"]
[SourceQuality "1"]

1. e4 e6 2. d4 d5 3. Nd2 Nf6 4. e5 Nfd7 5. Bd3 c5 6. c3 Nc6 7. Ngf3 cxd4 8.
cxd4 Qb6 9. Nb3 Bb4+ 10. Kf1 f6 11. Be3 Be7 12. Rc1 O-O 13. Qc2 g6 14. Bxg6 f5
15. Bh5 Nb4 16. Qd1 Nxa2 17. Ra1 Nb4 18. Bh6 Qb5+ 19. Kg1 Qd3 20. Nfd2 Nb6 21.
Rc1 Qb5 22. Rc3 Kh8 23. Rg3 Rg8 24. Qf3 Bd7 25. Bf7 Bh4 26. Qh5 1-0